000 00466nam a2200133Ia 4500
008 231129s2017||||xx |||||||||||||| ||spa||
020 _a978-958-8952-46-8
082 _a372.86 P438t
100 _aPérez Restrepo Eduardo Antonio.
245 0 _aTeorí­as implí­citas sobre la enseñanza de la educación fí­sica: Otro espacio de investigación disciplinar
260 _c2017
264 _aArmenia : Kinesis
942 _2ddc
_cBKS
999 _c25264
_d25264